000 00292nam a2200133 i 4500
001 bg
100 1 _aNIEDZIELSKI, A.
245 0 _aSpawalnictwo /
_cA. Niedzielski.
260 _aGdaƄsk,
_c1990.
040 _cBPK
041 _apol
942 _cKS
008 s pl f |000 0 pol
999 _c4592
_d4592
856 _uhttp://koha.tu.koszalin.pl/cgi-bin/koha/opac-detail.pl?biblionumber=4592
_yKatalog online BPK